[Event "Targu Mures op 3rd"]
[Site "Targu Mures"]
[Date "2022.06.06"]
[Round "3"]
[White "Biro, Sandor"]
[Black "Vajda, Mihaly"]
[Result "1-0"]
[WhiteElo "2127"]
[BlackElo "1685"]
[PlyCount "95"]
[EventDate "2022.06.05"]
[EventType "swiss"]
[EventRounds "9"]
[EventCountry "ROU"]
[SourceTitle "EXT 2024"]
[Source "ChessBase"]
[SourceDate "2023.10.10"]
[SourceVersion "1"]
[SourceVersionDate "2023.10.10"]
[SourceQuality "1"]

1. e4 d6 2. Nf3 Nf6 3. c3 Nbd7 4. Bd3 e5 5. Bc2 Be7 6. d4 0-0 7. 0-0 b6 8. Nbd2 Bb7 9. Re1 Re8 10. Nf1 Bf8 11. Ng3 g6 12. d5 c6 13. c4 cxd5 14. cxd5 Rc8 15. Bd2 Rc7 16. Bd3 Qe7 17. b4 Rec8 18. a4 a6 19. Qe2 Ra8 20. Rac1 Qd8 21. Rxc7 Qxc7 22. Rc1 Qd8 23. h4 h6 24. Nh2 Bg7 25. h5 a5 26. hxg6 fxg6 27. bxa5 Nc5 28. axb6 Rxa4 29. Bb5 Ra2 30. Qe1 Qxb6 31. Bc4 Ra4 32. Rb1 Qa7 33. Bb4 Nfd7 34. Bb5 Ra2 35. Bxd7 Nxd7 36. Bxd6 Bf6 37. Qe3 Qxe3 38. fxe3 Ba6 39. Ng4 Bg5 40. Nxe5 Bxe3+ 41. Kh2 Bf4 42. Nxd7 Bxd6 43. e5 Be7 44. Ne4 Bd3 45. Nef6+ Kg7 46. Rb8 Bxf6 47. exf6+ Kh7 48. f7 1-0

[Event "Bayern-chI Bank Hofmann 23rd"]
[Site "Tegernsee"]
[Date "2019.10.26"]
[Round "1"]
[White "Eljanov, Pavel"]
[Black "Biro, Sandor"]
[Result "1-0"]
[WhiteElo "2663"]
[BlackElo "2147"]
[PlyCount "59"]
[EventDate "2019.10.26"]
[EventType "swiss"]
[EventRounds "9"]
[EventCountry "GER"]
[SourceTitle "CBM 192 Extra"]
[Source "Chessbase"]
[SourceDate "2019.11.06"]
[SourceVersion "1"]
[SourceVersionDate "2019.11.06"]
[SourceQuality "1"]

1. d4 Nf6 2. c4 e5 3. dxe5 Ne4 4. Nf3 Nc6 5. a3 a5 6. Bf4 f6 7. Qd5 Nc5 8. Nc3 Ne6 9. e3 fxe5 10. Nxe5 Bd6 11. Nd3 Bxf4 12. Nxf4 Nxf4 13. exf4 Ne7 14. Qh5+ g6 15. Qe5 0-0 16. c5 h6 17. 0-0-0 Rf5 18. Bc4+ Kh7 19. Qe3 b6 20. Rhe1 Nc6 21. Nd5 bxc5 22. g4 Rf8 23. Qxc5 Ba6 24. Ne7 Bxc4 25. Nxc6 Qf6 26. Rxd7+ Rf7 27. Ree7 Qxf4+ 28. Kb1 Bb3 29. Nd4 Rxe7 30. Qxe7+ 1-0

[Event "Satu Mare Szabo Memorial"]
[Site "Satu Mare"]
[Date "2019.08.05"]
[Round "5"]
[White "Turlea, Constantin"]
[Black "Biro, Sandor"]
[Result "1/2-1/2"]
[WhiteElo "1966"]
[BlackElo "2174"]
[PlyCount "55"]
[EventDate "2019.08.02"]
[EventType "swiss"]
[EventRounds "9"]
[EventCountry "ROU"]
[SourceTitle "CBM 191 Extra"]
[Source "ChessBase"]
[SourceDate "2019.09.30"]
[SourceVersion "1"]
[SourceVersionDate "2019.09.30"]
[SourceQuality "1"]

1. d4 Nf6 2. Nf3 g6 3. g3 Bg7 4. Bg2 0-0 5. 0-0 d5 6. b3 Ne4 7. Bb2 c5 8. Nbd2 Nc6 9. e3 Bg4 10. h3 Nxd2 11. Qxd2 Bxf3 12. Bxf3 cxd4 13. exd4 e6 14. Rfd1 h5 15. h4 Kh7 16. Qd3 Rc8 17. a3 e5 18. dxe5 Nxe5 19. Bxe5 Bxe5 20. Rac1 Qb6 21. Kg2 d4 22. Qe4 Bg7 23. Qxb7 Bh6 24. Qxb6 axb6 25. Rb1 Rxc2 26. Be4 Ra2 27. Ra1 Rb2 28. Rab1 1/2-1/2

[Event "EU-ch Seniors 50 19th"]
[Site "Rhodes"]
[Date "2019.04.13"]
[Round "8"]
[White "Biro, Sandor"]
[Black "Krasenkova, Ilena"]
[Result "0-1"]
[WhiteElo "2196"]
[BlackElo "2160"]
[PlyCount "82"]
[EventDate "2019.04.06"]
[EventType "swiss"]
[EventRounds "9"]
[EventCountry "GRE"]
[SourceTitle "CBM 189 Extra"]
[Source "ChessBase"]
[SourceDate "2019.06.03"]
[SourceVersion "1"]
[SourceVersionDate "2019.06.03"]
[SourceQuality "1"]

1. Nf3 Nf6 2. b3 d5 3. Bb2 e6 4. g3 c5 5. Bg2 Nc6 6. 0-0 Be7 7. d3 0-0 8. Nbd2 Qc7 9. c4 d4 10. e4 e5 11. h3 Ne8 12. Nh2 a5 13. f4 a4 14. bxa4 exf4 15. gxf4 Nb4 16. Nb3 Bd7 17. a3 Na6 18. a5 Ba4 19. Bc1 Nb8 20. Rb1 Rxa5 21. e5 Ra6 22. Qe1 Rb6 23. Qa5 Rxb3 24. Qxa4 Rxb1 25. f5 Qxe5 26. Qc2 Rxc1 27. Rxc1 Qe3+ 28. Kh1 h5 29. Nf3 Bd6 30. Re1 Qf4 31. Qb1 Nf6 32. Qxb7 Qxf5 33. Qb6 Qf4 34. h4 Qg3 35. a4 Nfd7 36. Qb7 Ne5 37. Rxe5 Bxe5 38. a5 Bf4 39. a6 Re8 40. Kg1 Nxa6 41. Qxa6 Re1+ 0-1

[Event "EU-ch Seniors 50 19th"]
[Site "Rhodes"]
[Date "2019.04.10"]
[Round "5"]
[White "Gayson, Peter"]
[Black "Biro, Sandor"]
[Result "0-1"]
[WhiteElo "2122"]
[BlackElo "2196"]
[PlyCount "94"]
[EventDate "2019.04.06"]
[EventType "swiss"]
[EventRounds "9"]
[EventCountry "GRE"]
[SourceTitle "CBM 189 Extra"]
[Source "ChessBase"]
[SourceDate "2019.06.03"]
[SourceVersion "1"]
[SourceVersionDate "2019.06.03"]
[SourceQuality "1"]

1. e4 e5 2. Nf3 Nc6 3. d4 exd4 4. Bc4 Nf6 5. 0-0 Nxe4 6. Re1 d5 7. Bxd5 Qxd5 8. Nc3 Qh5 9. Nxe4 Be6 10. Bg5 Bd6 11. Nxd6+ cxd6 12. Bf4 Qd5 13. c3 Rc8 14. Nxd4 Nxd4 15. Qxd4 Qxd4 16. cxd4 Kd7 17. d5 Bf5 18. Rac1 Rhe8 19. Rxe8 Rxe8 20. Be3 a6 21. Bd4 Be4 22. Re1 Rc8 23. Bxg7 Bxd5 24. Bf6 Bxa2 25. Re7+ Kc6 26. h4 Be6 27. f4 a5 28. Kf2 h5 29. f5 Bxf5 30. Rxf7 Be6 31. Rh7 Rf8 32. Rh6 Bg4 33. Ke3 Kd5 34. Bc3 Ra8 35. Rh8 Ra6 36. Rg8 b5 37. Bd4 a4 38. Rxg4 hxg4 39. h5 a3 40. h6 a2 41. h7 a1Q 42. h8Q Qe1+ 43. Kf4 Qe4+ 44. Kg3 Qxd4 45. Qg8+ Kc5 46. Qc8+ Rc6 47. b4+ Qxb4 0-1

[Event "EU-ch Seniors 50 19th"]
[Site "Rhodes"]
[Date "2019.04.09"]
[Round "4"]
[White "Biro, Sandor"]
[Black "Martinez Lopez, Jaime"]
[Result "1-0"]
[WhiteElo "2196"]
[BlackElo "1992"]
[PlyCount "97"]
[EventDate "2019.04.06"]
[EventType "swiss"]
[EventRounds "9"]
[EventCountry "GRE"]
[SourceTitle "CBM 189 Extra"]
[Source "ChessBase"]
[SourceDate "2019.06.03"]
[SourceVersion "1"]
[SourceVersionDate "2019.06.03"]
[SourceQuality "1"]

1. e4 c6 2. Nf3 d5 3. exd5 cxd5 4. Ne5 Nc6 5. d4 e6 6. Bb5 Bd7 7. Nxd7 Qxd7 8. c3 Nf6 9. 0-0 Bd6 10. Nd2 a6 11. Bd3 0-0 12. f4 Qc7 13. g3 b5 14. a3 Na5 15. Qe2 Nc4 16. Nf3 Be7 17. Ne5 Nd6 18. a4 Rab8 19. axb5 axb5 20. f5 Nfe4 21. fxe6 fxe6 22. Rxf8+ Bxf8 23. Qg4 Re8 24. Bf4 b4 25. c4 Nf6 26. Qe2 Nde4 27. cxd5 exd5 28. Rc1 Qa7 29. Be3 Bd6 30. Bb5 Rf8 31. Kg2 Bc7 32. Nc6 Qb6 33. Ne7+ Kh8 34. Bc6 Qa5 35. Qb5 Qxb5 36. Bxb5 Bd6 37. Nc8 Bb8 38. Bg1 h6 39. Ne7 Kh7 40. Bd3 Re8 41. Nf5 Kg8 42. Rc6 Rf8 43. Ne7+ Kf7 44. Nxd5 Rd8 45. Nxf6 Nxf6 46. Bc4+ Ke7 47. Re6+ Kd7 48. d5 Bd6 49. Bb6 1-0

[Event "Wch Seniors 50 28th"]
[Site "Bled"]
[Date "2018.11.28"]
[Round "10"]
[White "Namyslo, Holger"]
[Black "Biro, Sandor"]
[Result "0-1"]
[WhiteElo "2254"]
[BlackElo "2191"]
[PlyCount "62"]
[EventDate "2018.11.18"]
[EventType "swiss"]
[EventRounds "11"]
[EventCountry "SLO"]
[SourceTitle "CBM 187 Extra"]
[Source "ChessBase"]
[SourceDate "2018.11.04"]
[SourceVersion "1"]
[SourceVersionDate "2018.11.04"]
[SourceQuality "1"]

1. e4 e5 2. Nf3 Nc6 3. Bc4 Nf6 4. Ng5 d5 5. exd5 Nd4 6. c3 b5 7. Bf1 Nxd5 8. Ne4 Ne6 9. Bxb5+ Bd7 10. Qa4 Nb6 11. Bxd7+ Nxd7 12. 0-0 Be7 13. d4 exd4 14. cxd4 0-0 15. Be3 Nb6 16. Qd1 f5 17. Nc5 Bxc5 18. dxc5 Qxd1 19. Rxd1 Na4 20. b3 Rad8 21. Rc1 f4 22. Bd2 Naxc5 23. Ba5 Nd3 24. Rd1 f3 25. gxf3 Rxf3 26. Rd2 Rf5 27. Bc3 Nef4 28. Na3 Rd6 29. Nc4 Rg6+ 30. Kf1 Rfg5 31. Rxd3 Rg1# 0-1

[Event "Wch Seniors 50 28th"]
[Site "Bled"]
[Date "2018.11.21"]
[Round "4"]
[White "Cummings, David H"]
[Black "Biro, Sandor"]
[Result "1/2-1/2"]
[WhiteElo "2331"]
[BlackElo "2191"]
[PlyCount "46"]
[EventDate "2018.11.18"]
[EventType "swiss"]
[EventRounds "11"]
[EventCountry "SLO"]
[SourceTitle "CBM 187 Extra"]
[Source "ChessBase"]
[SourceDate "2018.11.04"]
[SourceVersion "1"]
[SourceVersionDate "2018.11.04"]
[SourceQuality "1"]

1. Nf3 b5 2. e4 Bb7 3. Bxb5 Bxe4 4. d4 Nf6 5. c4 e6 6. Nc3 Bb7 7. 0-0 Be7 8. d5 0-0 9. Re1 c6 10. dxc6 Nxc6 11. Bg5 d6 12. Qe2 Rc8 13. Rad1 Na5 14. b3 a6 15. Ba4 Qc7 16. Bf4 Qc5 17. Be3 Qh5 18. Bb6 Nc6 19. h3 Qg6 20. Nh4 Qg5 21. Nf3 Qg6 22. Nh4 Qg5 23. Nf3 Qg6 1/2-1/2